全中国所有的国际机场(不含港澳台) - Statistics

General Stats
  • This quiz has been taken 5 times
  • The average score is 69 of 89
Answer Stats
Hint Answer % Correct
华北 北京首都国际机场
100%
华北 北京大兴国际机场
100%
华北 石家庄正定国际机场
100%
华北 太原武宿国际机场
100%
东北 哈尔滨太平国际机场
100%
东北 长春龙嘉国际机场
100%
东北 沈阳桃仙国际机场
100%
东北 大连周水子国际机场
100%
华东 济南遥墙国际机场
100%
华东 青岛胶东国际机场
100%
华东 福州长乐国际机场
100%
华东 厦门高崎国际机场
100%
华东 宁波栎社国际机场
100%
华东 温州龙湾国际机场
100%
华东 南京禄口国际机场
100%
华东 上海浦东国际机场
100%
华东 上海虹桥国际机场
100%
中南 广州白云国际机场
100%
中南 深圳宝安国际机场
100%
中南 南宁吴圩国际机场
100%
中南 武汉天河国际机场
100%
中南 郑州新郑国际机场
100%
西南 成都双流国际机场
100%
西南 成都天府国际机场
100%
西南 昆明长水国际机场
100%
西北 兰州中川国际机场
100%
新疆 乌鲁木齐天山国际机场
100%
华北 天津滨海国际机场
80%
华北 呼和浩特白塔国际机场
80%
华北 鄂尔多斯伊金霍洛国际机场
80%
华北 包头东河国际机场
80%
东北 齐齐哈尔三家子机场
80%
华东 南昌昌北国际机场
80%
华东 威海大水泊国际机场
80%
华东 泉州晋江国际机场
80%
华东 合肥新桥国际机场
80%
华东 杭州萧山国际机场
80%
华东 义乌机场
80%
华东 常州奔牛国际机场
80%
华东 淮安涟水国际机场
80%
华东 连云港花果山国际机场
80%
华东 南通兴东国际机场
80%
华东 无锡硕放机场
80%
华东 徐州观音国际机场
80%
华东 盐城南洋国际机场
80%
华东 扬州泰州国际机场
80%
中南 揭阳潮汕国际机场
80%
中南 海口美兰国际机场
80%
中南 三亚凤凰国际机场
80%
中南 桂林两江国际机场
80%
中南 长沙黄花国际机场
80%
西南 重庆江北国际机场
80%
西南 贵阳龙洞堡国际机场
80%
西南 拉萨贡嘎国际机场
80%
西北 西安咸阳国际机场
80%
华北 大同云冈国际机场
60%
华北 运城盐湖国际机场
60%
华北 呼伦贝尔海拉尔国际机场
60%
华北 二连浩特赛乌素国际机场
60%
华北 满洲里西郊机场
60%
东北 牡丹江海浪国际机场
60%
东北 佳木斯松江国际机场
60%
东北 延吉朝阳川国际机场
60%
华东 烟台蓬莱国际机场
60%
华东 武夷山机场
60%
华东 黄山屯溪国际机场
60%
华东 舟山普陀山国际机场
60%
中南 湛江吴川国际机场
60%
中南 梅州梅县机场
60%
中南 琼海博鳌国际机场
60%
中南 北海福成机场
60%
中南 张家界荷花国际机场
60%
中南 宜昌三峡国际机场
60%
中南 恩施许家坪国际机场
60%
中南 鄂州花湖国际机场
60%
中南 洛阳北郊机场
60%
西南 遵义新舟机场
60%
西南 铜仁凤凰机场
60%
西南 丽江三义国际机场
60%
西南 西双版纳嘎洒国际机场
60%
西北 榆林榆阳机场
60%
西北 西宁曹家堡国际机场
60%
西北 敦煌莫高国际机场
60%
新疆 喀什徕宁国际机场
60%
新疆 伊犁伊宁国际机场
60%
华东 临沂启阳国际机场
40%
西南 万州五桥机场
40%
西南 德宏芒市国际机场
40%
西北 银川河东国际机场
40%
No matching quizzes found
Score Distribution
Percent of People with Each Score
Percentile by Number Answered
Your Score History
You have not taken this quiz